[Event "Victory Day A"]
[Site "Moscow RUS"]
[Date "2008.05.02"]
[Round "9"]
[White "Khruschiov,A"]
[Black "Chernobay,A"]
[Result "1-0"]
[WhiteElo "2514"]
[BlackElo "2416"]

1.d4 Nf6 2.c4 g6 3.Nc3 Bg7 4.e4 d6 5.Be2 O-O 6.Nf3 e5 7.O-O Nbd7 8.Re1 Re8
9.Bf1 exd4 10.Nxd4 c6 11.Bg5 Nc5 12.Qc2 Qb6 13.Rad1 Ng4 14.Bh4 Bd7 15.h3 Ne5
16.Nce2 Nxc4 17.Qxc4 Rxe4 18.Bg3 Ne6 19.Qd3 Rxd4 20.Nxd4 Nxd4 21.Bxd6 c5
22.Be5 Qxb2 23.Bxg7 Kxg7 24.Rb1 Qxa2 25.Rxb7 Qd5 26.Rc7 Qd6 27.Qg3 Qxg3 28.fxg3 Be6
29.Rxc5 a5 30.Bc4 Nb3 31.Rc7 Bxc4 32.Rxc4 a4 33.Re2 Ra5 34.g4 Ra7 35.Ra2 a3
36.Rc3 Nd4 37.Rcxa3 Rc7 38.Ra7 Rxa7 39.Rxa7 g5 40.Kf2 Ne6 41.Kf3 Kg6 42.Ke4 Nf4
43.Ra2 Ne6 44.g3 Kf6 45.Rc2 Kg6 46.Ke5 Nf8 47.Rc6+ Ne6 48.Rd6 h6 49.Rd5 Ng7
50.Kd6 Kf6 51.Re5 h5 52.Ra5 h4 53.gxh4 gxh4 54.Ra8 Ne6 55.Rh8 Kg5 56.Ke5 Nf4
57.Rg8+ Ng6+ 58.Ke4 Kf6 59.Ra8 Ne7 60.Ra7 Ng6 61.Ra6+ Kg5 62.Rb6 Nf8 63.Rb5+ Kf6
64.Rf5+ Ke6 65.Kf4 f6 66.Ra5 Ng6+ 67.Ke4 Ne7 68.Ra7 f5+ 69.gxf5+ Nxf5 70.Ra6+ Nd6+
71.Kf4 Ke7 72.Kg5 Ne4+ 73.Kxh4 Kf7 74.Kh5 Kg7 75.h4 Nf6+ 76.Kg5 Ne4+ 77.Kf5 Ng3+
78.Kf4 Ne2+ 79.Kg5 Nc3 80.Ra7+ Kf8 81.h5  1-0

[Event "Father Ivan Cvitanovic Mem"]
[Site "Split CRO"]
[Date "2008.05.02"]
[Round "5"]
[White "Fodor,T jr"]
[Black "Plenkovic,Z"]
[Result "1-0"]
[WhiteElo "2432"]
[BlackElo "2370"]

1.d4 Nf6 2.c4 g6 3.Nc3 Bg7 4.e4 d6 5.Nf3 O-O 6.Be2 e5 7.O-O exd4 8.Nxd4 Re8
9.f3 Nc6 10.Be3 Nh5 11.Qd2 f5 12.Nxc6 bxc6 13.Bg5 Nf6 14.Bd3 Qe7 15.exf5 Bxf5
16.Bxf5 gxf5 17.Qd3 Qe5 18.Kh1 Nd7 19.Rad1 Rab8 20.Qd2 Qa5 21.Rc1 Re6 22.Qf2 Ne5
23.Qe2 Rbe8 24.Bd2 Ng4 25.Qd3 Ne3 26.Nd5 Qxd2 27.Qxd2 cxd5 28.cxd5 Re5 29.Rfe1 Bh6
30.Rxc7 Ng4 31.Rxe5 Rxe5 32.Qb4  1-0

[Event "ch-NED U21"]
[Site "Venlo NED"]
[Date "2008.05.03"]
[Round "9"]
[White "Bitalzadeh,A"]
[Black "Pruijssers,R"]
[Result "1/2-1/2"]
[WhiteElo "2323"]
[BlackElo "2413"]

1.d4 Nf6 2.c4 g6 3.Nc3 Bg7 4.e4 d6 5.Nf3 O-O 6.Be2 e5 7.O-O Na6 8.Be3 Ng4
9.Bg5 Qe8 10.dxe5 dxe5 11.h3 h6 12.Bd2 Nf6 13.Be3 Qe7 14.Nd5 Qd8 15.Qc1 Kh7
16.Qc2 Nd7 17.c5 c6  1/2-1/2

[Event "FSIM May"]
[Site "Budapest HUN"]
[Date "2008.05.05"]
[Round "3"]
[White "Petran,Pa"]
[Black "Zimmerman,Y"]
[Result "1/2-1/2"]
[WhiteElo "2347"]
[BlackElo "2332"]

1.d4 Nf6 2.c4 g6 3.Nc3 Bg7 4.e4 d6 5.Be2 O-O 6.Nf3 e5 7.Be3 Ng4 8.Bg5 f6
9.Bc1 exd4 10.Nxd4 f5 11.O-O Na6 12.h3 Nh6 13.Bxh6 Bxh6 14.exf5 gxf5 15.Bf3 c6
16.Rb1 Bg7 17.Qd2 Qh4 18.Rbd1 Bd7 19.Be2 Rae8 20.Nf3 Bxc3 21.Qxc3 Qf6 22.Qxf6 Rxf6
23.Bd3 Nc5 24.Bc2 Ne4 25.Rfe1 c5 26.Nd2 Nxd2 27.Rxe8+ Bxe8 28.Rxd2 b5 29.Bb3 bxc4
30.Bxc4+ Bf7 31.b3  1/2-1/2

[Event "43rd Capablanca Memorial Open"]
[Site "Havana CUB"]
[Date "2008.05.08"]
[Round "1"]
[White "Pozo Vera,S"]
[Black "Linares Napoles,O"]
[Result "1-0"]
[WhiteElo "2451"]
[BlackElo "2287"]

1.d4 Nf6 2.Nf3 g6 3.c4 Bg7 4.Nc3 O-O 5.e4 d6 6.Be2 e5 7.O-O Na6 8.Be3 Ng4
9.Bg5 Qe8 10.h3 h6 11.Bc1 Nf6 12.dxe5 dxe5 13.Be3 Qe7 14.Nd5 Qd8 15.Qc2 c6
16.Nc3 Qe7 17.a3 Nd7 18.b4 f5 19.c5 Nc7 20.Rad1 f4 21.Bc1 g5 22.Bb2 h5 23.Bc4+ Kh7
24.Nd5 Nxd5 25.exd5+ Kh6 26.dxc6 bxc6 27.Rfe1 a5 28.Rd6+ Rf6 29.Nxe5 Nxe5
30.Rxe5 Qf8 31.Re8 Qxe8 32.Bxf6 Bxf6 33.Rxf6+ Kg7 34.Qb2  1-0

[Event "FSGM May"]
[Site "Budapest HUN"]
[Date "2008.05.09"]
[Round "7"]
[White "Akesson,R"]
[Black "Pesotsky,V"]
[Result "0-1"]
[WhiteElo "2466"]
[BlackElo "2371"]

1.d4 Nf6 2.c4 g6 3.Nc3 Bg7 4.e4 d6 5.Be2 O-O 6.Nf3 e5 7.Be3 Nc6 8.d5 Ne7
9.Nd2 c5 10.g4 Ne8 11.h4 f5 12.f3 a6 13.Rb1 b5 14.cxb5 axb5 15.Bxb5 Nf6 16.Be2 Ba6
17.h5 Qc8 18.h6 Bh8 19.Rg1 fxg4 20.fxg4 g5 21.Bxg5 Ng6 22.Nc4 Qb8 23.Ne3 Qb4
24.Nc2 Qa5 25.Qd2 Nf4 26.Bxf4 exf4 27.g5 Nd7 28.Bg4 Bxc3 29.Qxc3 Qxc3+ 30.bxc3 Ne5
31.Kd2 f3 32.Be6+ Kh8 33.Ne3 f2 34.Rh1 Bd3 35.Ra1 Bxe4 36.Rhc1 Rab8 37.Rc2 Nf3+
38.Kd1 Bxc2+ 39.Kxc2 Ne1+ 40.Kd1 f1=Q 41.Nxf1 Rxf1 42.Ke2 Rh1  0-1

[Event "43rd Capablanca Memorial Open"]
[Site "Havana CUB"]
[Date "2008.05.10"]
[Round "3"]
[White "Vilela de Acuna,J"]
[Black "Castillo Coca,M"]
[Result "1-0"]
[WhiteElo "2345"]
[BlackElo "2023"]

1.d4 Nf6 2.Nf3 d6 3.c4 Nbd7 4.Nc3 g6 5.e4 e5 6.Be2 Bg7 7.O-O O-O 8.Qc2 a5
9.Rd1 exd4 10.Nxd4 h6 11.Ndb5 Ne8 12.Be3 b6 13.Qd2 Bb7 14.Bxh6 Nc5 15.f3 Ne6
16.Bxg7 Kxg7 17.Nd4 Qh4 18.Nxe6+ fxe6 19.Qe1 Qf4 20.Qd2 Qh4 21.Qd4+ e5 22.Qf2 Qh6
23.Nd5 Rh8 24.h3 Qg5 25.Kh2 Rc8 26.b3 Nf6 27.Qg3 Qxg3+ 28.Kxg3 Nd7 29.Kf2 Nc5
30.Ke3 Bxd5 31.cxd5 g5 32.Bb5 Ra8 33.Rdc1 Kf6 34.Rc3 Rh7 35.Rac1 Ke7 36.a3 Kd8
37.b4 axb4 38.axb4 Nb7 39.Kd3 Ra2 40.R1c2 Ra1 41.Kc4 Kc8 42.Kb3 Kb8 43.Rc1 Ra7
44.R3c2 Nd8 45.Ra2 Rxa2 46.Kxa2 Re7 47.Kb3 Rh7 48.Kc4 c5 49.dxc6 Ra7 50.Kb3 Ne6
51.Kb2 Nd4 52.Bf1 Kc7 53.b5 Ra5 54.Ra1 Rxa1 55.Kxa1 Nc2+ 56.Kb2 Ne3 57.Be2 Nxg2
58.Kc3 Nf4 59.Bf1 Ne6 60.Kd3 Nf4+ 61.Ke3 Ne6 62.Kf2 Nd4 63.Kg3 Nc2 64.Bd3 Ne3
65.Kf2 Nd1+ 66.Ke2 Nc3+ 67.Kd2 Na4 68.Bc4 Kd8 69.Ke3 Kc7 70.Kf2 Nb2 71.Be2 Na4
72.Kg3 Nc3 73.Bc4 Nd1 74.Kg4 Nf2+ 75.Kg3 Nd1 76.Be2 Nc3 77.Bf1 Nd1 78.Kg4 Ne3+
79.Kxg5 Nxf1 80.h4 Nh2 81.h5 Nxf3+ 82.Kf6 Nd2 83.h6 Nxe4+ 84.Kg6 Nc3 85.h7 Nxb5
86.h8=Q Kxc6 87.Kf5 Nd4+ 88.Ke4 Kc5 89.Qg8 Nb5 90.Qb3 d5+ 91.Qxd5+ Kb4 92.Kxe5 Ka4
93.Qc4+  1-0

[Event "I Open"]
[Site "Augustow POL"]
[Date "2008.05.11"]
[Round "2"]
[White "Malaniuk,V"]
[Black "Sowul,B"]
[Result "1-0"]
[WhiteElo "2505"]
[BlackElo "2028"]

1.d4 Nf6 2.Nf3 g6 3.c4 Bg7 4.Nc3 O-O 5.e4 d6 6.Be2 e5 7.Be3 Nc6 8.d5 Ne7
9.Nd2 Ne8 10.b4 f5 11.f3 a5 12.a3 Kh8 13.c5 fxe4 14.fxe4 Ng8 15.bxa5 Bh6
16.Bf2 Qg5 17.Bf3 Ngf6 18.Nc4 Ng4 19.Bxg4 Bxg4 20.Qd3 Qe7 21.cxd6 Nxd6 22.O-O Nxc4
23.Qxc4 Rxa5 24.a4 Rf7 25.Rab1 b6 26.Nb5 Kg7 27.h3 Bd7 28.Qxc7 Bxb5 29.Qxe7 Rxe7
30.axb5 Ra4 31.Bxb6 Rxe4 32.Bc5  1-0

[Event "Mayors Cup Open"]
[Site "Mumbai IND"]
[Date "2008.05.11"]
[Round "1"]
[White "Purushothaman,T"]
[Black "Jayesh,M"]
[Result "1-0"]
[WhiteElo "2290"]
[BlackElo "1575"]

1.d4 Nf6 2.c4 g6 3.Nc3 Bg7 4.e4 d6 5.Nf3 O-O 6.Be2 e5 7.Be3 exd4 8.Nxd4 c5
9.Ndb5 Ne8 10.Bxc5 Qg5 11.Bd4 Bxd4 12.Nxd4 Qxg2 13.Bf3 Qg5 14.h4 Qd8 15.h5 Nc6
16.Nxc6 bxc6 17.Qd2 Qf6 18.Be2 Nc7 19.O-O-O Rd8 20.f4 Rb8 21.e5 Qe6 22.exd6 Ne8
23.c5 a5 24.hxg6 fxg6 25.Qd4 Rb4 26.Qe5 a4 27.a3 Rb7 28.Ba6 Rg7 29.Bxc8 Qxc8
30.Nxa4 Ra7 31.Nb6 Qa6 32.d7 Ng7 33.Qe7 Rf8 34.Qxf8+ Kxf8 35.d8=Q+ Kf7 36.Rxh7 Qb7
37.Rd7+ Qxd7 38.Nxd7 Ra4 39.Qf6+ Ke8 40.Rh8+ Kxd7 41.Qf7+  1-0

[Event "I Open"]
[Site "Augustow POL"]
[Date "2008.05.12"]
[Round "4"]
[White "Urbanski,P"]
[Black "Sowul,B"]
[Result "1/2-1/2"]
[WhiteElo "1786"]
[BlackElo "2028"]

1.d4 Nf6 2.c4 g6 3.Nc3 Bg7 4.e4 d6 5.Be2 O-O 6.Nf3 e5 7.d5 Bg4 8.Be3 Na6
9.O-O Bxf3 10.Bxf3 Kh8 11.Nb5 Ng8 12.Nxa7 Rxa7 13.Bxa7 b6 14.Qa4 Qc8 15.b4 Qb7
16.c5 b5 17.Qa5 Qxa7 18.cxd6 cxd6 19.a4 Qb7 20.axb5 Nc7 21.b6 Na8 22.Qa6 Qxb6
23.Qxb6 Nxb6 24.Ra6 Rb8 25.Rc1 Ne7 26.Rc7 Nbc8 27.Be2 Rxb4 28.Ra8 Bf8 29.Raxc8 Nxc8
30.Rxc8 Kg7 31.f3 Rb1+ 32.Kf2 h5 33.Rc7 Kf6 34.Rd7 Rb6 35.g3 Rb4 36.Ke3 Rb3+
37.Kf2 Ra3 38.Bf1 Ra2+ 39.Be2 Ra1 40.Bf1 Rc1 41.Be2 Rc2 42.Ke3 Rc3+ 43.Kf2 Rc8
44.Ke3 Ra8 45.Kf2 Be7 46.Ke3 Ra3+ 47.Kf2 Rb3 48.Bf1 Rb8 49.Ke3 Bf8 50.Kf2 Kg7
51.Be2 Re8 52.Bb5 Rb8 53.Be2 Kf6 54.Ke3 Rb6 55.Rc7 Rb3+ 56.Kf2 Bh6 57.Rd7 Be3+
58.Kg2 Bc5 59.f4 exf4 60.gxf4 h4 61.Bf3 Rb2+ 62.Kh3 Rf2 63.e5+ dxe5 64.fxe5+ Kxe5
65.Rxf7 g5 66.Kg4 Rxh2 67.Rf5+ Kd4 68.Rxg5 Bd6  1/2-1/2

[Event "43rd Capablanca Memorial Open"]
[Site "Havana CUB"]
[Date "2008.05.12"]
[Round "5"]
[White "Gongora Reyes,M"]
[Black "Jimenez,P"]
[Result "1-0"]
[WhiteElo "2422"]
[BlackElo "2320"]

1.d4 Nf6 2.c4 g6 3.Nc3 Bg7 4.e4 d6 5.Be2 O-O 6.Nf3 e5 7.O-O Nbd7 8.Be3 h6
9.h3 exd4 10.Bxd4 Re8 11.Qc2 b6 12.Rfe1 Bb7 13.Bd3 Ne5 14.Nxe5 dxe5 15.Be3 Nh5
16.g3 Qd7 17.Kh2 Rad8 18.Rad1 Qc8 19.c5 Nf6 20.Bc4 Ba6 21.Qb3 Bxc4 22.Qxc4 Rxd1
23.Rxd1 Rd8 24.Rxd8+ Qxd8 25.Qa6 bxc5 26.Qxa7 Qd3 27.a4 h5 28.a5 h4 29.gxh4 Nh5
30.Qb8+ Kh7 31.Qb5 c4 32.Qd5 Qc2 33.Qd2 Qb3 34.a6 Nf4 35.a7 Qb7 36.Qd8  1-0

[Event "Mayors Cup Open"]
[Site "Mumbai IND"]
[Date "2008.05.12"]
[Round "3"]
[White "Premnath,R"]
[Black "Safin,S"]
[Result "0-1"]
[WhiteElo "2265"]
[BlackElo "2481"]

1.d4 Nf6 2.c4 g6 3.Nc3 Bg7 4.e4 d6 5.Be2 O-O 6.Nf3 e5 7.O-O Nbd7 8.d5 Nh5
9.Re1 Bf6 10.Bh6 Ng7 11.g4 Be7 12.Kh1 Kh8 13.Rg1 a5 14.h3 Nc5 15.Qd2 a4 16.Rg3 c6
17.Qe3 Qb6 18.Rb1 Bd7 19.h4 f6 20.h5 g5 21.Nd2 Qa7 22.Rgg1 Bd8 23.Qf3 Bb6
24.Nf1 Na6 25.Kg2 Bd4 26.Ng3 Nc5 27.Bxg7+ Kxg7 28.h6+ Kh8 29.Rgd1 Qb8 30.Rh1 Qc8
31.Nd1  0-1

[Event "Mayors Cup Open"]
[Site "Mumbai IND"]
[Date "2008.05.12"]
[Round "3"]
[White "Siddharth,S"]
[Black "Sridharan,R1"]
[Result "1/2-1/2"]
[WhiteElo "1720"]
[BlackElo "2082"]

1.d4 Nf6 2.c4 g6 3.Nc3 Bg7 4.e4 d6 5.Nf3 O-O 6.Be2 e5 7.dxe5 dxe5 8.Qxd8 Rxd8
9.Bg5 Re8 10.Rd1 Nbd7 11.Nb5 Rb8 12.Nxc7 Rf8 13.O-O h6 14.Bxf6 Bxf6 15.Nd5 Bd8
16.b4 Kg7 17.c5 a6 18.Nd2 f5 19.f3 Nf6 20.Nxf6 Bxf6 21.Nc4 Be6 22.Nb6 Rfd8
23.Bc4 Bxc4 24.Nxc4 Kf7 25.Rxd8 Rxd8 26.Nd6+ Ke6 27.Nxb7 Rd4 28.Rc1 Bg5 29.Rc2 Kd7
30.c6+ Kc7 31.Nc5 Rd1+ 32.Kf2 Kxc6 33.a4 Kb6 34.Ke2 Rd4 35.Rb2 a5 36.Nd3 fxe4
37.bxa5+ Kxa5 38.Nxe5 exf3+ 39.Kxf3 Rf4+ 40.Kg3 Rf6 41.Nf3 Bf4+ 42.Kh3 Kxa4
43.Re2 Kb3 44.g3 Bb8 45.Nd2+ Kb4 46.Kg2 Ba7 47.Nf1 Kc3 48.g4 Bb8 49.Ng3 Kd3
50.Rb2 Ba7 51.h3  1/2-1/2

[Event "43rd Capablanca Memorial Open"]
[Site "Havana CUB"]
[Date "2008.05.13"]
[Round "6"]
[White "Cordova,Em"]
[Black "Valdes,Le"]
[Result "1-0"]
[WhiteElo "2518"]
[BlackElo "2409"]

1.e4 d6 2.Nf3 g6 3.c4 Nf6 4.Nc3 Bg7 5.d4 O-O 6.Be2 e5 7.Be3 h6 8.O-O Ng4
9.Bc1 Na6 10.h3 Nf6 11.dxe5 dxe5 12.Be3 Qe7 13.Qc1 Kh7 14.Nd5 Qd8 15.Rd1 Nxe4
16.Nb6 axb6 17.Rxd8 Rxd8 18.Qe1 Nec5 19.Rd1 Be6 20.a3 Rxd1 21.Qxd1 Nd7 22.b4 Nab8
23.Qc1 Nc6 24.Bd3 Nd4 25.Bxd4 exd4 26.h4 Kg8 27.Nd2 Ne5 28.Be4 c6 29.g3 h5
30.b5 Bf8 31.bxc6 bxc6 32.Nb3 Rd8 33.Qg5 Bf5 34.Qxd8 Bxe4 35.Nxd4 Nxc4 36.a4 Bd5
37.Qc7 c5 38.Nb5 Be6 39.Qd8  1-0

[Event "Mayors Cup Open"]
[Site "Mumbai IND"]
[Date "2008.05.13"]
[Round "4"]
[White "Snehal,B"]
[Black "Vishnu,P"]
[Result "1/2-1/2"]
[WhiteElo "2056"]
[BlackElo "2353"]

1.d4 Nf6 2.c4 g6 3.Nc3 Bg7 4.e4 d6 5.Nf3 O-O 6.Be2 Nbd7 7.O-O e5 8.Be3 Re8
9.dxe5 dxe5 10.Qc2 c6 11.Rfd1 Qe7 12.a3 Nf8 13.h3 Nh5 14.b4 Ne6 15.Bf1 Qf6
16.Rd2 Nhf4 17.Qd1 g5 18.g3 Ng6 19.Rd6 h6 20.Nh2 Bf8 21.Rd2 Bg7 22.Qh5 Nd4
23.Rad1 Nf8 24.Ne2 Nde6 25.Ng4 Qg6 26.Qxg6 Nxg6 27.Nh2 a5 28.Bb6 axb4 29.axb4 Bf8
30.c5 Bg7 31.Kg2 Ra4 32.Rb2 Nd4 33.Nf3 Nf8 34.Nexd4 exd4 35.Bd3 g4 36.Ng1 h5
37.hxg4 hxg4 38.Ne2 Nd7 39.Bc7 Nf6 40.Nxd4 Nxe4 41.Re2 f5 42.Nc2 Be6 43.Rde1 Bc3
44.Rh1 Bd5 45.Ne3 Nxg3+ 46.Nxd5 Nxe2 47.Bxe2 cxd5 48.Bb5 Raa8 49.Bxe8 Rxe8
50.Rd1 Rc8 51.Bb6 d4 52.b5 Kf7 53.Ba7 Bb4  1/2-1/2

[Event "III President's Cup"]
[Site "Baku AZE"]
[Date "2008.05.14"]
[Round "3"]
[White "Ibrahimov,R"]
[Black "Isgandarova,K"]
[Result "1-0"]
[WhiteElo "2535"]
[BlackElo "2193"]

1.Nf3 Nf6 2.c4 g6 3.Nc3 Bg7 4.e4 d6 5.d4 O-O 6.Be2 e5 7.Be3 Ng4 8.Bg5 f6
9.Bh4 g5 10.Bg3 Nh6 11.O-O g4 12.Nh4 Nc6 13.d5 Nd4 14.Bd3 c5 15.Ne2 f5 16.Nxd4 cxd4
17.Nxf5 Nxf5 18.exf5 Qg5 19.f4 gxf3 20.Qxf3 Bd7 21.Qe4 Bf6 22.Rf3 Kh8 23.Be1 Rg8
24.Rf2 Qg4 25.Bb4 Qxe4 26.Bxe4 Rg4 27.Re1 Rc8 28.Bxd6 Rxc4 29.Bd3 Rc8 30.Bxe5 Kg7
31.h3 Rh4 32.Kh2 Bxe5+ 33.Rxe5 Kf6 34.Re1 Rc5 35.d6 Rd5 36.g4  1-0

[Event "Kaupthing Open"]
[Site "Differdange LUX"]
[Date "2008.05.14"]
[Round "6"]
[White "Ajrapetjan,Y"]
[Black "Nebolsina,V"]
[Result "1/2-1/2"]
[WhiteElo "2504"]
[BlackElo "2345"]

1.d4 Nf6 2.c4 g6 3.Nc3 Bg7 4.e4 d6 5.Nf3 O-O 6.Be2 e5 7.O-O Nbd7 8.Be3 exd4
9.Nxd4 Re8 10.f3 c6 11.Nc2 Ne5 12.b3 Be6 13.Nd4 d5 14.Nxe6 Rxe6 15.cxd5 cxd5
16.Nxd5 Nxd5 17.Qxd5 Nxf3+ 18.Bxf3 Qxd5 19.exd5 Rxe3 20.Rad1 Rd8 21.d6 Re6
22.d7 Re7 23.Bxb7  1/2-1/2

[Event "Mayors Cup Open"]
[Site "Mumbai IND"]
[Date "2008.05.14"]
[Round "5"]
[White "Purushothaman,T"]
[Black "Aravind,S2"]
[Result "1/2-1/2"]
[WhiteElo "2290"]
[BlackElo "2099"]

1.d4 Nf6 2.c4 g6 3.Nc3 Bg7 4.e4 d6 5.Nf3 O-O 6.Be2 e5 7.Be3 Nbd7 8.O-O h6
9.dxe5 dxe5 10.Qc1 Kh7 11.Rd1 Re8 12.c5 c6 13.Nd2 Qe7 14.Nc4 Nf8 15.Nd6 Rd8
16.b4 Ne8 17.Nxc8 Raxc8 18.b5 Ne6 19.Qa3 Nd4 20.Qxa7 cxb5 21.Bf1 Qxc5 22.Qxc5 Rxc5
23.Nxb5 Nc7 24.a4 Kg8 25.h4 Nce6 26.Rdc1 Bf8 27.Rab1 Rxc1 28.Rxc1 Ra8 29.Nc3 Rc8
30.Nd5 Rxc1 31.Bxc1 Nc5 32.Nc3 Kg7 33.Bc4 f5 34.exf5 Nxf5 35.g3 Be7 36.Kg2 Nd4
37.Ba3 Nxa4 38.Bxe7 Nxc3 39.Bd6 Nc6 40.Be6 Ne4 41.Bc7 Nc5 42.Bc8 b5 43.Kf1 b4
44.Ke1 Kf6 45.Bd6 Ne4 46.Bf8 b3 47.Ba3 Nb4 48.Kd1 Nc3+ 49.Kc1 Nd3+ 50.Kd2 b2
51.Bxb2 Nxb2 52.Kxc3 Nd1+ 53.Kd3 Nxf2+ 54.Ke3 Nd1+ 55.Kd3 Nb2+ 56.Ke4 Na4
57.Ke3 Nc5 58.Bh3 Nb3 59.Bc8 Nd4 60.g4 g5 61.h5 Nc2+ 62.Kd3 Nd4 63.Ke4 Nb5
64.Ba6 Nc3+ 65.Kd3 Nd5 66.Ke4  1/2-1/2

[Event "Mayors Cup Open"]
[Site "Mumbai IND"]
[Date "2008.05.14"]
[Round "5"]
[White "Lalith,B"]
[Black "Rathnakaran,K"]
[Result "1-0"]
[WhiteElo "2305"]
[BlackElo "2488"]

1.Nf3 Nf6 2.c4 g6 3.Nc3 Bg7 4.e4 d6 5.d4 O-O 6.Be2 Nbd7 7.O-O e5 8.Be3 exd4
9.Nxd4 Re8 10.f3 c6 11.Qd2 d5 12.exd5 cxd5 13.Ndb5 a6 14.Nd6 Rxe3 15.Qxe3 Bf8
16.c5 Nxc5 17.Nxc8 Rxc8 18.Rad1 Ne6 19.Qd2 d4 20.Ne4 Nd5 21.Rc1 Rxc1 22.Rxc1 b5
23.a3 f5 24.Nf2 Ndf4 25.Bf1 Bh6 26.Qe1 Qd6 27.Rc8+ Kf7 28.Nd3 Nxd3 29.Bxd3 Be3+
30.Kh1 Qd7 31.Rc2 Nf4 32.Qa5 Nxd3 33.Rc7 Nf2+ 34.Kg1 Qxc7 35.Qxc7+ Kf6 36.Qb6+ Kf7
37.Qa7+ Kg8 38.f4 g5 39.g3 gxf4 40.gxf4 Nd3+ 41.Kg2 Nxf4+ 42.Kf3 Ng6 43.Qxa6 Ne5+
44.Ke2 Kf7 45.Qxb5 Ke6 46.Qe8+ Kd5 47.Qa8+ Ke6 48.Qe8+ Kd5 49.Qb5+ Ke6 50.a4 f4
51.a5 d3+ 52.Kf1 f3 53.a6 d2 54.Qb3+ Kd6 55.a7 Bxa7 56.Qb4+ Ke6 57.Qxd2 Ng4
58.Qe1+ Kd5 59.Qa5+ Bc5 60.Qd8+ Ke4 61.Qh4 Kf5 62.Qh5+ Kf4 63.Qxc5 Nxh2+
64.Ke1 Ng4 65.Qc7+ Ke3 66.Qe7+ Kf4 67.Qxh7 Kg3 68.Qc7+ Kg2 69.Qf4 Ne5 70.Qg5+ Kh1  1-0

[Event "III President's Cup"]
[Site "Baku AZE"]
[Date "2008.05.15"]
[Round "4"]
[White "Savchenko,S"]
[Black "Aryanejad,H"]
[Result "1-0"]
[WhiteElo "2560"]
[BlackElo "2257"]

1.d4 d6 2.Nf3 g6 3.c4 Bg7 4.Nc3 Nf6 5.e4 O-O 6.Be2 e5 7.O-O Nbd7 8.Be3 exd4
9.Nxd4 Nc5 10.f3 Re8 11.Qd2 Ne6 12.Rad1 Nxd4 13.Bxd4 Bd7 14.c5 Be6 15.cxd6 cxd6
16.Bb5 Rf8 17.Be3 a6 18.Be2 Ne8 19.Nd5 Bxd5 20.Qxd5 Qc7 21.Rd2 Kh8 22.Rfd1 f5
23.exf5 Rxf5 24.Qb3 Qe7 25.Bf2 Rd8 26.Bd3 Rh5 27.f4 Nf6 28.Re2 Qd7 29.Rde1 Ng8
30.Qe6 Qxe6 31.Rxe6 Rd5 32.Bc4 Rf5 33.Re8 Rf8 34.Rxd8 Rxd8 35.Bd5 b5 36.b3 Nf6
37.Bb7 a5 38.Rc1 h5 39.Bb6 Rb8 40.Rc8+ Rxc8 41.Bxc8 a4 42.bxa4 bxa4 43.Bb7 Nd7
44.Bc7 Nc5 45.Bd5 Bf8 46.Kf2 Be7 47.Ke3 Kg7 48.g3 g5 49.fxg5 Bxg5+ 50.Kd4 Bf6+
51.Kc4 Be5 52.Bc6 Kf6 53.Bd8+ Kf5 54.Bf3 Ne6 55.Be7 a3 56.Bxh5 Nd4 57.Bd1 Ke4
58.Bf8 Ne6 59.Bc2+ Kf3 60.Be7 Nd4 61.Bg6 Kg2 62.h4 Kxg3 63.h5 Nc6 64.Bf8 Bf4
65.Kb3 Ne5 66.Bxd6  1-0

[Event "FSIM May"]
[Site "Budapest HUN"]
[Date "2008.05.15"]
[Round "13"]
[White "Petran,Pa"]
[Black "Sondermann,J"]
[Result "1-0"]
[WhiteElo "2347"]
[BlackElo "2279"]

1.d4 Nf6 2.c4 g6 3.Nc3 Bg7 4.e4 d6 5.Nf3 O-O 6.Be2 e5 7.O-O exd4 8.Nxd4 Nc6
9.Be3 Re8 10.f3 Nh5 11.Qd2 Nf4 12.Rfd1 Nxd4 13.Bxd4 Qg5 14.Bf1 Nh3+ 15.Kh1 Qxd2
16.Rxd2 Bxd4 17.Rxd4 Nf4 18.g3 Ne6 19.Rd2 Bd7 20.Nd5 Kg7 21.Bh3 Rac8 22.b4 Nf8
23.Bxd7 Nxd7 24.Kg2 f5 25.exf5 gxf5 26.Rc1 Nf8 27.Kf2 Re5 28.f4 Re4 29.Ne3 Kg6
30.c5 dxc5 31.Rxc5 Rxb4 32.Nxf5 Ne6 33.Nh4+ Kf6 34.Rf5+ Ke7 35.Rh5 Nf8 36.Nf3 c5
37.Re5+ Kf7 38.Ng5+ Kg8 39.Ne4 c4 40.Rg5+ Kh8 41.Nf6 Ne6 42.Rd7 Rb2+ 43.Kg1  1-0

[Event "FSGM May"]
[Site "Budapest HUN"]
[Date "2008.05.15"]
[Round "13"]
[White "Solomon,K"]
[Black "Pesotsky,V"]
[Result "1-0"]
[WhiteElo "2317"]
[BlackElo "2371"]

1.d4 Nf6 2.c4 g6 3.Nc3 Bg7 4.e4 d6 5.Nf3 O-O 6.Be2 e5 7.Be3 Nc6 8.d5 Ne7
9.Nd2 c5 10.g4 Ne8 11.h4 f5 12.f3 Nf6 13.exf5 gxf5 14.h5 e4 15.h6 Bh8 16.gxf5 Bxf5
17.fxe4 Bg6 18.Qb3 a6 19.Rg1 b5 20.cxb5 axb5 21.Nxb5 Nxe4 22.Nxe4 Nf5 23.Bg5 c4
24.Bxc4 Qe8 25.Bd3 Nd4 26.Nxd4 Bxd4 27.Rg4 Rb8 28.Qc4 Bf2+ 29.Kd1 Rc8 30.Qb4 Qe5
31.Qb7 Bh5 32.Nf6+ Qxf6 33.Qxh7+  1-0

[Event "TCh-ISR"]
[Site "Israel ISR"]
[Date "2008.05.16"]
[Round "8"]
[White "Zak,Uri1"]
[Black "Golod,V"]
[Result "1/2-1/2"]
[WhiteElo "2323"]
[BlackElo "2606"]

1.d4 Nf6 2.c4 g6 3.Nc3 Bg7 4.e4 d6 5.Nf3 O-O 6.Be2 Na6 7.O-O e5 8.d5 Nc5
9.Qc2 a5 10.Bg5 h6 11.Be3 b6 12.Nd2 Bg4 13.Qd1 Bd7 14.b3 Nh7 15.a3 f5 16.f3 f4
17.Bf2 h5 18.b4 Nb7 19.c5 bxc5 20.bxc5 Nxc5 21.Bxc5 dxc5 22.Na4 c6 23.Nc4 Kh8
24.Nxc5 cxd5 25.Qxd5 Nf6 26.Qxe5 Ne8 27.Qd5 Bxa1 28.Rxa1 Qf6 29.e5 Bc6 30.Qd4 Qe7
31.e6+ Ng7 32.Ne5 Be8 33.Ncd7 Rf5 34.Bd3 Qxe6 35.Bc4 Qe7 36.Qd5 Bxd7 37.Nxg6+ Kh7
38.Nxe7 Rxd5 39.Bxd5 Rb8 40.Be4+ Kh6 41.Rd1 Be6 42.h4 Re8 43.Ng6 Bb3 44.Rd6 Re6
45.Rxe6 Nxe6 46.Kf2 a4 47.Ke1 Kg7 48.Bf5 Nd4 49.Be4 Nb5 50.Nxf4 Nxa3 51.Kd2 Bf7
52.Bd3 Kf6 53.Kc3 Ke5 54.g3 Be8 55.Kb4 Kd4 56.Kxa3 Ke3 57.Be4 Kf2 58.Nd5 Kxg3
59.Nf6 Bf7 60.Bd5 Bxd5 61.Nxd5 Kxf3 62.Nf6 Kg3 63.Kxa4 Kxh4 64.Nxh5 Kxh5  1/2-1/2

[Event "Tectura Active"]
[Site "Horsholm DEN"]
[Date "2008.05.17"]
[Round "1"]
[White "Klimov,S"]
[Black "Tandrup,M"]
[Result "1-0"]
[WhiteElo "2484"]
[BlackElo "1995"]

1.d4 Nf6 2.c4 g6 3.Nc3 Bg7 4.e4 d6 5.Nf3 O-O 6.Be2 e5 7.d5 a5 8.Bg5 h6 9.Bh4 Nbd7
10.Nd2 Nc5 11.O-O g5 12.Bg3 Ne8 13.Bg4 f5 14.Bxf5 Bxf5 15.exf5 Rxf5 16.f3 Rf8
17.Bf2 Nd3 18.Nde4 Nxf2 19.Rxf2 Nf6 20.Qd3 Nh5 21.g3 Qd7 22.c5 g4 23.cxd6 cxd6
24.Raf1 gxf3 25.Rxf3 Qg4 26.Qd1 Qg6 27.Rxf8+ Rxf8 28.Rxf8+ Bxf8 29.Qxh5  1-0

[Event "LXXII ch-CRC Fase 1"]
[Site "Moravia CRC"]
[Date "2008.05.17"]
[Round "1"]
[White "Brenes,J"]
[Black "Murillo,J"]
[Result "1-0"]
[WhiteElo "1968"]
[BlackElo "1851"]

1.d4 Nf6 2.c4 g6 3.Nc3 Bg7 4.e4 d6 5.Nf3 O-O 6.Be2 Na6 7.O-O e5 8.dxe5 dxe5
9.Qc2 Qe7 10.Bg5 c6 11.Qc1 Nc5 12.h3 a5 13.Qe3 b6 14.Nh2 Qc7 15.Rad1 Ne6
16.Bh6 Nd4 17.Bxg7 Kxg7 18.f4 Nxe2+ 19.Nxe2 exf4 20.Rxf4 Nd7 21.Rh4 h5 22.Nd4 Ne5
23.g4 Nxc4 24.Qc3 Kg8 25.Ndf3 Qg3+ 26.Kh1 Be6 27.Rg1 Qf2 28.gxh5 Qxb2 29.Qxb2 Nxb2
30.hxg6 fxg6 31.Rxg6+ Kf7 32.Rhh6 Bc4 33.Rxc6 b5 34.Ng4 Ke8 35.Nfe5 Be2 36.Rhe6+ Kd8
37.Nf6 Ra7 38.Red6+ Ke7 39.Ng6+ Kf7 40.Nxf8 Kxf8 41.Rd7 Rxd7 42.Nxd7+ Ke7
43.Nc5 Nc4 44.Kh2 Nd6 45.e5 Nc4 46.Rc7+ Ke8 47.e6 Nb6 48.Ne4 Nd5 49.Nd6+ Kd8
50.Rd7+  1-0

[Event "Mayors Cup Open"]
[Site "Mumbai IND"]
[Date "2008.05.17"]
[Round "9"]
[White "Ubilava,E"]
[Black "Deshmukh,A"]
[Result "0-1"]
[WhiteElo "2558"]
[BlackElo "2248"]

1.d4 Nf6 2.c4 c6 3.Nf3 d6 4.Nc3 g6 5.e4 Bg7 6.Be2 O-O 7.O-O e5 8.Re1 Qc7
9.Rb1 a6 10.dxe5 dxe5 11.c5 Nbd7 12.b4 a5 13.a3 axb4 14.axb4 b6 15.Qd6 Qxd6
16.cxd6 b5 17.Rd1 Rd8 18.Be3 Ra3 19.Rd3 Bb7 20.Nd2 Ne8 21.Nb3 Bf8 22.Nc5 Bc8
23.Bg5 Nxc5 24.bxc5 f6 25.Bc1 Ra5 26.Be3 Ng7 27.Bd1 Be6 28.Ne2 Bc4 29.Bb3 Ne6
30.Rc3 Bxb3 31.Rbxb3 Rda8 32.Nc1 Ra1 33.g3 f5 34.Kg2 f4 35.Bd2 g5 36.Rb2 g4
37.gxf4 exf4 38.Nd3 f3+ 39.Kg3 Bg7 40.e5 Rg1+ 41.Kh4 Ra4 42.Rb4 Rxb4 43.Nxb4 Bxe5
44.Rc1 Bf6+ 45.Kh5 Ng7+ 46.Kh6 Rg2 47.Bf4 Ne6 48.Nd3 Nxf4 49.Nxf4 Rxh2+ 50.Nh5 Kf7
51.d7 Ke7 52.Rd1 Kd8 53.Rd6 Be7 54.Rxc6 g3  0-1

[Event "Mayors Cup Open"]
[Site "Mumbai IND"]
[Date "2008.05.17"]
[Round "9"]
[White "Siddharth,S"]
[Black "Ravindra,Sa"]
[Result "0-1"]
[WhiteElo "1720"]
[BlackElo "2013"]

1.d4 Nf6 2.c4 g6 3.Nc3 Bg7 4.e4 O-O 5.Nf3 d6 6.Be2 e5 7.dxe5 dxe5 8.Qxd8 Rxd8
9.Bg5 Rf8 10.O-O c6 11.Rad1 Nbd7 12.b4 Re8 13.h3 Nf8 14.Rd6 Ne6 15.Bh4 Nh5
16.Rb1 Nhf4 17.Bf1 Nd4 18.Rd8 Rxd8 19.Bxd8 Nxf3+ 20.gxf3 Nxh3+ 21.Kg2 Be6
22.Rd1 Nf4+ 23.Kh2 f6 24.b5 Kf7 25.Ba5 Bf8 26.Na4 cxb5 27.cxb5 Rc8 28.Rd2 Rc1
29.Be2 Ra1 30.Rc2 Rxa2 31.Rxa2 Bxa2 32.Bf1 Bb3 33.Nb2 Bc5 34.Kg3 Ke7 35.Nd3 Nxd3
36.Bxd3 b6 37.Bd2 g5 38.Be1 h5 39.Kh3 Kd6 40.Kg2 Ba3 41.Bc3 Kc5 42.Kg3 Bc4
43.Bxc4 Kxc4 44.Ba1 Kxb5 45.f4 exf4+ 46.Kf3 Be7 47.Bb2 Kc4  0-1

[Event "III President's Cup"]
[Site "Baku AZE"]
[Date "2008.05.18"]
[Round "7"]
[White "Van Wely,L"]
[Black "Umudova,N"]
[Result "1-0"]
[WhiteElo "2677"]
[BlackElo "2222"]

1.d4 Nf6 2.c4 g6 3.Nc3 Bg7 4.e4 d6 5.Nf3 O-O 6.Be2 e5 7.Be3 Ng4 8.Bg5 f6
9.Bh4 Nc6 10.d5 Ne7 11.Nd2 h5 12.h3 Nh6 13.g4 hxg4 14.hxg4 Nf7 15.Qc2 c6
16.O-O-O Bd7 17.Kb1 c5 18.Rh2 a6 19.Rdh1 Qc7 20.Nd1 b5 21.Ne3 Rfb8 22.f3 Kf8
23.Ndf1 Ra7 24.Be1 Rab7 25.Bd2 b4 26.Qc1 a5 27.Ng3 Ra7 28.Ng2 Raa8 29.Rh7 a4
30.Bd3 a3 31.b3 Qc8 32.Nh4 Kg8 33.g5 Qe8 34.Nxg6 Nxg6 35.Nh5 Qf8 36.Nxf6+ Bxf6
37.gxf6 Qd8 38.Rg7+  1-0